Score 0/151 Timer 10:00
0 Plays Today
Answer % Correct
Endor
88.2%
Tatooine
86.3%
Coruscant
82.4%
Naboo
80.4%
Alderaan
72.5%
Dagobah
70.6%
Bespin
68.6%
Mustafar
68.6%
Yavin IV
68.6%
Dantooine
60.8%
Kamino
58.8%
Corellia
56.9%
Kashyyyk
56.9%
Geonosis
56.9%
Felucia
47.1%
Cato Neimoidia
43.1%
Malastare
43.1%
Nal Hutta
41.2%
Mygeeto
39.2%
Dathomir
39.2%
Mandalore
39.2%
Mon Calamari
39.2%
Rodia
39.2%
Ryloth
39.2%
Kessel
37.3%
Sullust
35.3%
Korriban
33.3%
Onderon
33.3%
Christophsis
31.4%
Saleucami
29.4%
Ord Mantell
27.5%
Ilum
25.5%
Umbara
23.5%
Taris
23.5%
Kuat
21.6%
Toydaria
21.6%
Duro
19.6%
Trandosha
19.6%
Teth
19.6%
Bothawui
17.6%
Ithor
17.6%
Iego
17.6%
Rishi
17.6%
Gamorr
15.7%
Dromund Kaas
15.7%
Devaron
15.7%
Bestine
13.7%
Tython
13.7%
Eriadu
13.7%
Bakura
11.8%
Corulag
11.8%
Answer % Correct
Fondor
11.8%
Shili
11.8%
Florrum
11.8%
11.8%
11.8%
Byss
9.8%
Anaxes
9.8%
Dorin
9.8%
Muunilinst
9.8%
Wayland
9.8%
Manaan
9.8%
Ruusan
9.8%
Antar
7.8%
Thyferra
7.8%
Serenno
7.8%
Bastion
7.8%
Denon
7.8%
Hapes
7.8%
Ossus
7.8%
Rattatak
7.8%
Ringo Vinda
7.8%
Bonadan
5.9%
Rendili
5.9%
Carida
5.9%
Atzerri
5.9%
Yag-dhul
5.9%
Maridun
5.9%
Hypori
5.9%
Jabiim
5.9%
Tibrin
5.9%
Agamar
5.9%
Zygerria
5.9%
Belkadan
3.9%
Fresia
3.9%
Abregado-Rae
3.9%
Metellos
3.9%
Sriluur
3.9%
Aeten II
3.9%
Vanqor
3.9%
Kalee
3.9%
Lotho Minor
3.9%
Jaemus
3.9%
Yaga Minor
3.9%
Myrkr
3.9%
Quell
3.9%
Centares
3.9%
Lianna
3.9%
Sluis Van
3.9%
Alzoc III
3.9%
Tund
3.9%
Falleen
3.9%
Answer % Correct
Nubia
3.9%
Aargonar
3.9%
Glee Anselm
3.9%
Xagobah
3.9%
Lola Sayu
3.9%
Brentaal
2%
Belsavis
2%
Foerost
2%
Mechis III
2%
Skako
2%
Vassek
2%
Dubrillion
2%
Adumar
2%
Minntooine
2%
Rothana
2%
Despayre
2%
Csilla
2%
Telos IV
2%
Taanab
2%
Subterrel
2%
Zonama Sekot
2%
Polus
2%
Borleias
2%
Borosk
0%
N'zoth
0%
Ord Trasi
0%
Paarin Minor
0%
Garqi
0%
Kothlis
0%
Entralla
0%
Destrillion
0%
Drongar
0%
Nespis VIII
0%
Honoghr
0%
New Plympto
0%
New Bornalex
0%
New Alderaan
0%
New Cov
0%
Hast
0%
Allanteen Six
0%
Nirauan
0%
Foundry
0%
Garos IV
0%
Sernpidal
0%
Ruuria
0%
Praesityln
0%
Porus Vida
0%
Wistril
0%
Woostri
0%
Remove Ads.
Support Sporcle.
Get the best of Sporcle when you Go Orange. This ad-free experience offers more features, more stats, and more fun while also helping to support Sporcle. Thank you for becoming a member.

You're not logged in!

Compare scores with friends on all Sporcle quizzes.
OR
Log In

Show Comments

Extras

Top Quizzes Today


Score Distribution

Your Account Isn't Verified!

In order to create a playlist on Sporcle, you need to verify the email address you used during registration. Go to your Sporcle Settings to finish the process.

Report this User

Report this user for behavior that violates our Community Guidelines.

Details: